000 00870nam a2200241Ia 4500
008 191130s2008##################000#0#eng##
020 _a9781403993809
022 _a2007052295
040 _aACL
_cACL
082 _a351.4109049 RIC
100 _aRichards, David
245 _aNew labour and the civil service : reconstituting the Westminster model
_cDavid Richards
260 _aHoundmills, Basingstoke, Hampshire ; New York
_bPalgrave Macmillan
_c2008
300 _axii, 272 p. : ill. ; 23 cm
500 _aIncludes bibliographical references (p. 243-260) and index
650 _aCivil service - Great Britain
650 _aCivil service reform - Great Britain
650 _aGreat Britain - Politics and government - 1997-2007
650 _aLabour Party (Great Britain)
990 _a25d76714ac10000c43fc90e54536d997
991 _a47744
999 _c21401
_d21401